01158nam a2200253uu 4500001000800000005001700008007001000025008004100035035001200076040001300088041000800101080000800109100004600117245005100163260004300214300001800257520046700275650003800742650003600780650002800816700004000844502001200884526000800896106265920260507082800.0cr|||||||080118e20030130 spa  a1062659 ccomduadb aspa aPMC10aPerea Cabarcas, Víctor Carlos4auteaut10aInforme de práctica profesional Cocinex S.A. aMedellín :b[sin publicador],c2003. a187 páginas3 aEste trabajo recopila una primera información que es fundamental para la puesta en marcha de muchos conceptos y técnicas aplicadas en el área de dirección de operaciones. Pretende construir una base de los estándares de las operaciones que se realizan en el proceso productivo de las resistencias tubulares y establecer las condiciones y las pautas bajo las cuales se deben operar y realizar el mantenimiento a las máquinas y equipos de la sección. aDocumentación de procedimientos 7aResistencias eléctricas2lemb aManuales de operaciones10aMoreno Sánchez, Ricardo4thseths b176c17 a178